Geography Quiz

Random Geography or City Quiz

Sightseeing in Europe Quiz Stats

Quiz Updated Apr 5, 2018

Challenge
Share
Tweet
Score 0/25 Timer 07:00
1 Play Today
# City % Correct
1Athens (Parthenon)
95.9%
17Paris (Eiffel Tower)
92.7%
15Rome (Colosseum)
92.3%
7London (Palace of Westminster)
90%
9Moscow (St. Basil's Cathedral)
83.4%
10Venice (Rialto Bridge)
68.2%
4Berlin (Brandenburg Gate)
62.8%
14Barcelona (Sagrada Familia)
47.7%
21Istanbul (Hagia Sophia)
45.7%
3Florence (Cathedral)
43.7%
13Brussels (Atomium)
30%
20Budapest (Parliament Building)
20.7%
5Bilbao (Guggenheim Museum)
20.2%
# City % Correct
16Milan (Cathedral)
19.9%
22Prague (St. Vitus Cathedral)
19.6%
19Cologne (Cathedral)
18.2%
8Amsterdam (Rijksmuseum)
17.1%
11Munich (Frauenkirche)
14.9%
24Lisbon (Belem Tower)
14.5%
2Vienna (Karlskirche)
13.5%
6Kyiv (Pechersk Lavra)
11.7%
23Madrid (Royal Palace)
11.5%
18Helsinki (Cathedral)
10.7%
12Warsaw (Royal Castle)
10%
25St. Petersburg (Peter and Paul Fortress)
8.5%

You're not logged in!

Compare scores with friends on all Sporcle quizzes.
Join for Free
OR
Log In

You Might Also Like...

Show Comments

Extras

Top Quizzes Today


Score Distribution

Your Account Isn't Verified!

In order to create a playlist on Sporcle, you need to verify the email address you used during registration. Go to your Sporcle Settings to finish the process.

Report this User

Report this user for behavior that violates our Community Guidelines.

Details: